Szczegóły MARC21

Teoria pola /

003 -Nazwa inst., której nr kontr. jest w polu 001 [,]
    • @
    • Nazwa instytucji, której n kontrolny jest w polu 001
    • NUKAT
005 -DATA I CZAS OSTATNIEJ MODYFIKACJI [,]
    • @
    • pole kontrolne
    • 20241231091830.0
020 -Międzynarod. znormalizowany nr książki - ISBN [ , ]
    • a
    • Numer ISBN
    • 9788301159573 Find
040 -Instytucja sporządzająca opis [ , ]
    • a
    • Instytucja, która sporządziła opis (NP)
    • KR U/28WP
    • c
    • Instytucja, która sporządziła rekord (NP)
    • KR U/28WPs
    • d
    • Instytucja, która zmodyfikowała rekord (P)
    • KR U/28WP
    • d
    • Instytucja, która zmodyfikowała rekord (P)
    • KR U/BMigs
041 -Język dokumentu [1, ]
    • a
    • Język tekstu (P)
    • polski
    • h
    • Język tekstu oryginalnego i/lub pośredniego (P)
    • rosyjski
942 -Rodzaj dokumentu [ , ]
    • c
    • Rodzaj dokumentu
    • Książka
100 -Hasło główne - nazwa osobowa [1, ]
    • a
    • Nazwa osobowa (NP)
    • Landau, Lev Davidovič
    • d
    • Daty biograficzne (NP)
    • (1908-1968).
    • 9
    • KHW
    • 7515
240 -Tytuł ujednolicony [1,0]
    • a
    • Tytuł ujednolicony
    • Teoriâ polâ
    • l
    • Język tekstu
    • (pol.)
    • 9
    • KHW
    • 502528
245 -Strefa tytułu i oznaczenia odpowiedzialności [1,0]
    • a
    • Tytuł
    • Teoria pola / Find
    • c
    • Pozostałe elementy strefy tytułu i oznaczenia odpowiedzialności (NP)
    • Lew D. Landau, Jewgienij M. Lifszyc ; z jęz. ros. tł. Stanisław Bażański.
250 -Strefa wydania [ , ]
    • a
    • Oznaczenie wydania (NP)
    • Wyd. 4.
260 -Strefa adresu wydawniczego [ , ]
    • a
    • Miejsce wydania (P)
    • Warszawa :
    • b
    • Nazwa wydawcy (P)
    • Wydawnictwo Naukowe PWN,
    • c
    • Data wydania (P)
    • cop. 2009.
300 -Strefa opisu fizycznego [ , ]
    • a
    • Określenie formy książki i/lub objętość (NP)
    • 477, [3] s. :
    • b
    • Oznaczenie ilustracji (NP)
    • il. ;
    • c
    • Format (NP)
    • 24 cm.
336 -Typ zawartości [ , ]
    • a
    • Termin opisujący typ zawartości
    • Tekst
    • b
    • Kod określający zawartość
    • txt
    • 2
    • Źródło (terminu i kodu)
    • rdacontent
337 -Typ mediów [ , ]
    • a
    • Tryb odtwarzania
    • Bez urządzenia pośredniczącego
    • b
    • Kod typu mediów
    • n
    • 2
    • Źródło (terminu i kodu)
    • rdamedia
338 -Typ/rodzaj nośnika [ , ]
    • a
    • Hasło opisujące typ nośnika
    • Wolumin
    • b
    • Kod typu nośnika
    • nc
    • 2
    • Źródło (terminu i kodu)
    • rdacarrier
490 -Strefa serii i książki wielotomowej - forma nie do wyszukiwania [1, ]
    • a
    • Tytuł (P)
    • Fizyka teoretyczna / L. D. Landau, E. M. Lifszyc. Find
080 -Uniwersalna Klasyfikacja Dziesiętna [ , ]
    • 2
    • Identyfikator wydania tablic
    • UDC-P058
    • 9
    • UKD
    • 8196
    • a
    • Symbol klasyfikacji
    • 530.1
    • b
    • Dopowiedzenie
    • Podstawowe zasady fizyki. Teoria pola. Zasada stałości i zmienności. Przyczynowość i prawdopodobieństwo. Zjawiska proporcjonalne i nieproporcjonalne. Solitony. Fizyka statystyczna.
650 -Hasło przedmiotowe [ ,7]
    • a
    • Hasło przedmiotowe
    • Teoria pola (fizyka).
    • 2
    • Źródło terminu
    • kaba
    • 9
    • KHW
    • 133348
650 -Hasło przedmiotowe [ ,7]
    • a
    • Hasło przedmiotowe
    • Teoria pola (fizyka)
    • v
    • Określnik formalny
    • podręczniki akademickie.
    • 2
    • Źródło terminu
    • kaba
    • 9
    • KHW
    • 358998
980 -Symbol UKD [ , ]
    • a
    • UKD
    • 530.1
700 -Hasło dodatkowe - nazwa osobowa [1, ]
    • a
    • Nazwa osobowa (NP)
    • Lifšic, Evgenij Mihajlovič Find
    • d
    • Daty biograficzne (NP)
    • (1915-1985).
    • 9
    • KHW
    • 7517
700 -Hasło dodatkowe - nazwa osobowa [1, ]
    • a
    • Nazwa osobowa (NP)
    • Bażański, Stanisław Leon Find
    • d
    • Daty biograficzne (NP)
    • (1929-2017).
    • 9
    • KHW
    • 7519
710 -Hasło dodatkowe - nazwa ciała zbiorowego [2, ]
    • a
    • Nazwa ciała zbiorowego lub nazwa geograficzna jako pierwszy element (NP)
    • Wydawnictwo Naukowe PWN.
    • 4
    • Kod relacji
    • pbl
    • 9
    • KHW
    • 52648
800 -Hasło dodatkowe opisu książki wielotomowej - nazwa osobowa [1, ]
    • a
    • Nazwa osobowa (NP)
    • Landau, Lev Davidovič
    • d
    • Daty biograficzne (NP)
    • (1908-1968).
    • t
    • Tytuł ujednolicony/tytuł (NP)
    • Teoretičeskaâ fizika
    • l
    • Język tekstu (NP)
    • (pol.)
    • 9
    • KHW
    • 44827
920 -ISBN [ , ]
    • a
    • ISBN
    • 978-83-01-15957-3 Find
Lokalizacja Status udost. Data inwentaryzacji Numer inwentarzowy
BG12009-11-05N.19436
BG12010-03-08N.19639
BG-92010-06-11WM.11244
BG-92010-06-11WM.11245
BG-92010-06-11WM.11246
BG12011-03-03N.20025